| 000 | 00439 a2200145 4500 | ||
|---|---|---|---|
| 999 |
_c2346 _d2346 |
||
| 020 | _a9781784780524 | ||
| 050 | 1 | 0 | _aHQ1426FIR2015 |
| 100 | 1 |
_aFirestone, Shulamith. _eauthor |
|
| 245 | 1 | 4 |
_aThe dialectic of sex : _bthe case for feminist revolution / _cby Shulamith Firestone. |
| 264 |
_aLondon: _bVerso, _c2015 |
||
| 300 | _a 216p. : | ||
| 500 | _aCataloging based on CIP information. | ||
| 650 | 0 | _aFeminism | |
| 942 |
_2lcc _cBK _h1426 _iFIR _kHQ |
||